000 00366pab a2200145 454500
008 180718b1997 xxu||||| |||| 00| 0 eng d
100 _aD'Souza, Errol
245 _aHow did the reforms given acceptability?
260 _c1997
300 _ap.1888-889
362 _a26 Jul
650 _aEconomic reform
773 _aEconomic and Political Weekly
909 _a35131
999 _c35131
_d35131